[Event "Ronne Jubilaum"]
[Site "Ronne"]
[Date "2001.06.29"]
[Round "8"]
[White "Erikstad, Olav Aage"]
[Black "Hemdorff, Dennis"]
[Result "0-1"]
[WhiteElo "1548"]
[BlackElo "1653"]
[PlyCount "92"]
[EventDate "2001.??.??"]
[EventType "swiss"]
[EventRounds "9"]
[EventCountry "DEN"]
[SourceDate "2005.12.01"]

1. e4 e5 2. Nf3 Nc6 3. c3 Bc5 4. d4 exd4 5. cxd4 Bb4+ 6. Nc3 d5 7. e5 Nge7 8.
Bb5 O-O 9. Bg5 Be6 10. O-O Qd7 11. Rc1 a6 12. Ba4 b5 13. Bxe7 Qxe7 14. Bb3 Bxc3
15. Rxc3 Na5 16. Bc2 Rfc8 17. Qc1 b4 18. Re3 c5 19. Qb1 h6 20. dxc5 Rxc5 21.
Nd4 Nc4 22. Re2 Rac8 23. Nxe6 fxe6 24. Bh7+ Kh8 25. Qg6 d4 26. f4 Ne3 27. Rfe1
Rc1 28. Qd3 Qh4 29. g3 Rxe1+ 30. Rxe1 Qh3 31. Be4 Rc2 32. Qxc2 Nxc2 33. Rc1 Qg4
34. Rxc2 g5 35. Rc8+ Kg7 36. Rc7+ Kf8 37. Rc8+ Ke7 38. Rc2 gxf4 39. Rf2 fxg3
40. Rf1 gxh2+ 41. Kxh2 Qxe4 42. a3 Qxe5+ 43. Kg1 bxa3 44. bxa3 Qg3+ 45. Kh1
Qxa3 46. Rg1 Qh3# 0-1

[Event "Ronne Jubilaum"]
[Site "Ronne"]
[Date "2001.06.30"]
[Round "9"]
[White "Hillarp Persson, Tiger"]
[Black "Berg, Klaus"]
[Result "1-0"]
[WhiteElo "2443"]
[BlackElo "2316"]
[PlyCount "63"]
[EventDate "2001.??.??"]
[EventType "swiss"]
[EventRounds "9"]
[EventCountry "DEN"]
[SourceDate "2005.12.01"]

1. c4 c6 2. d4 d5 3. Nc3 dxc4 4. e4 b5 5. a4 b4 6. Na2 Nf6 7. e5 Nd5 8. Bxc4 e6
9. Nf3 Be7 10. Bd2 a5 11. Nc1 Nd7 12. Nb3 Bb7 13. O-O O-O 14. Bd3 Rc8 15. Rc1
Qb6 16. Nc5 Nxc5 17. dxc5 Qa7 18. Qc2 g6 19. Bg5 Ba6 20. Bxa6 Qxa6 21. Bxe7
Nxe7 22. Rfd1 Rcd8 23. Rd6 Nf5 24. Qe4 Nxd6 25. exd6 e5 26. Nxe5 Rfe8 27. h4 f6
28. Qxc6 Qe2 29. Qd5+ Kg7 30. Qf7+ Kh8 31. Qxf6+ Kg8 32. Nf7 1-0

[Event "Ronne Jubilaum"]
[Site "Ronne"]
[Date "2001.06.30"]
[Round "9"]
[White "Loginov, Valery A"]
[Black "Hector, Jonny"]
[Result "1/2-1/2"]
[WhiteElo "2499"]
[BlackElo "2546"]
[PlyCount "88"]
[EventDate "2001.??.??"]
[EventType "swiss"]
[EventRounds "9"]
[EventCountry "DEN"]
[SourceDate "2005.12.01"]

1. Nf3 d5 2. g3 Bg4 3. Bg2 Nd7 4. c4 e6 5. cxd5 exd5 6. Nc3 Ngf6 7. O-O Bc5 8.
d4 Bb6 9. b4 O-O 10. Ne5 Be6 11. Bg5 c6 12. Rb1 Nxe5 13. dxe5 h6 14. exf6 hxg5
15. fxg7 Kxg7 16. Na4 Bc7 17. Nc5 Bc8 18. b5 Qf6 19. bxc6 bxc6 20. e4 Bb6 21.
Rc1 Rh8 22. exd5 Bf5 23. dxc6 Rae8 24. Qf3 Qh6 25. h4 Bc8 26. Nd7 gxh4 27. Rc4
Bxd7 28. cxd7 Re6 29. Rxh4 Qf6 30. Qxf6+ Rxf6 31. Rxh8 Kxh8 32. Rd1 Bd8 33. Rc1
Rd6 34. Bh3 Kg7 35. Bf5 Kf6 36. g4 Rd2 37. Rc2 Rxc2 38. Bxc2 Ke5 39. Kf1 Kf4
40. Bd1 f5 41. f3 fxg4 42. fxg4 Ke3 43. Bb3 Bh4 44. Be6 Kf3 1/2-1/2

[Event "Ronne Jubilaum"]
[Site "Ronne"]
[Date "2001.06.30"]
[Round "9"]
[White "Pedersen, Steffen"]
[Black "Kveinys, Aloyzas"]
[Result "1/2-1/2"]
[WhiteElo "2463"]
[BlackElo "2533"]
[PlyCount "148"]
[EventDate "2001.??.??"]
[EventType "swiss"]
[EventRounds "9"]
[EventCountry "DEN"]
[SourceDate "2005.12.01"]

1. d4 Nf6 2. c4 e6 3. Nf3 Bb4+ 4. Bd2 a5 5. Nc3 b6 6. Bg5 Bb7 7. e3 h6 8. Bh4
a4 9. a3 Bxc3+ 10. bxc3 d6 11. Bd3 Nbd7 12. O-O Ra5 13. Nd2 g5 14. Bg3 h5 15.
f3 h4 16. Be1 e5 17. c5 bxc5 18. Nc4 Ra7 19. dxc5 dxc5 20. e4 Bc6 21. Rb1 Kf8
22. Bf2 Ne8 23. Bc2 Qf6 24. Qe2 Nd6 25. Ne3 Kg7 26. Rfd1 Raa8 27. Rd2 Rhe8 28.
Qd1 Kg8 29. g3 h3 30. Bd3 Reb8 31. Rdb2 Rb3 32. Bf1 Rab8 33. Rxb3 Rxb3 34. Rc1
Rb2 35. Ng4 Qe6 36. Bxh3 Bb5 37. Ra1 Qg6 38. Qc1 Rb3 39. Ne3 Nf6 40. Nf5 Kh8
41. Bxc5 g4 42. Bxd6 cxd6 43. Bxg4 Nxg4 44. fxg4 Bd7 45. Qd2 Bxf5 46. gxf5 Qf6
47. c4 Kg7 48. Kg2 Qh6 49. Qxh6+ Kxh6 50. h4 Rd3 51. Rc1 Rxa3 52. Rd1 Ra2+ 53.
Kh3 Re2 54. Rxd6+ Kg7 55. Kg4 Rxe4+ 56. Kg5 Rxc4 57. f6+ Kg8 58. Rd8+ Kh7 59.
Rd7 Kg8 60. Rd8+ Kh7 61. Rf8 Rc7 62. Ra8 e4 63. Rxa4 e3 64. Re4 Rc5+ 65. Kg4
Kg6 66. Rxe3 Rc4+ 67. Kh3 Kxf6 68. Rf3+ Kg6 69. g4 Rc5 70. Rd3 f6 71. Kg3 Rc4
72. h5+ Kg7 73. Rd7+ Kg8 74. h6 Rc1 1/2-1/2

[Event "Ronne Jubilaum"]
[Site "Ronne"]
[Date "2001.06.30"]
[Round "9"]
[White "Sandstrom, Anders"]
[Black "Fries Nielsen, Jens Ove"]
[Result "0-1"]
[WhiteElo "1894"]
[BlackElo "2301"]
[PlyCount "60"]
[EventDate "2001.??.??"]
[EventType "swiss"]
[EventRounds "9"]
[EventCountry "DEN"]
[SourceDate "2005.12.01"]

1. Nf3 b6 2. d4 Bb7 3. Nbd2 f5 4. c4 e6 5. Qc2 Nf6 6. e3 g6 7. Be2 Bg7 8. b3 c5
9. Bb2 Nc6 10. a3 O-O 11. O-O Qe7 12. Rad1 Rac8 13. Qb1 d6 14. Rfe1 e5 15. d5
Nd8 16. h4 Nf7 17. e4 f4 18. Ng5 Nd8 19. Ndf3 h6 20. Nh3 Nf7 21. Nh2 Rc7 22. g4
Nh7 23. h5 gxh5 24. gxh5 Bc8 25. Rd3 Qh4 26. Kg2 Nfg5 27. Nxg5 Nxg5 28. Rf3 Bf6
29. Rh1 Nxf3 30. Nxf3 Rg7+ 0-1

[Event "Ronne Jubilaum"]
[Site "Ronne"]
[Date "2001.06.30"]
[Round "9"]
[White "Gaponenko, Inna"]
[Black "Golovchenko, Gleb"]
[Result "1/2-1/2"]
[WhiteElo "2373"]
[BlackElo "2106"]
[PlyCount "32"]
[EventDate "2001.??.??"]
[EventType "swiss"]
[EventRounds "9"]
[EventCountry "DEN"]
[SourceDate "2005.12.01"]

1. e4 e5 2. Nf3 Nc6 3. d4 exd4 4. c3 Nge7 5. Bc4 d5 6. exd5 Nxd5 7. Ng5 Bc5 8.
O-O Be6 9. Re1 Qd7 10. cxd4 Nxd4 11. Nxe6 fxe6 12. Re4 Nf6 13. Re5 Bb6 14. Nc3
O-O-O 15. Be3 Rhe8 16. Na4 Qc6 1/2-1/2

[Event "Ronne Jubilaum"]
[Site "Ronne"]
[Date "2001.06.30"]
[Round "9"]
[White "Demina, Julia"]
[Black "Bernhardsson, Sten"]
[Result "1-0"]
[WhiteElo "2350"]
[BlackElo "2291"]
[PlyCount "71"]
[EventDate "2001.??.??"]
[EventType "swiss"]
[EventRounds "9"]
[EventCountry "DEN"]
[SourceDate "2005.12.01"]

1. d4 d5 2. c4 e6 3. Nf3 Nf6 4. Nc3 Be7 5. Bf4 O-O 6. e3 c5 7. dxc5 Bxc5 8.
cxd5 exd5 9. a3 Nc6 10. Rc1 Bb6 11. Nb5 Ba5+ 12. b4 Nxb4 13. axb4 Bxb4+ 14. Ke2
Bg4 15. Qa4 a5 16. h3 Bd7 17. Ne5 Ne4 18. Nxd7 Qxd7 19. f3 Nc5 20. Rxc5 Bxc5
21. Kf2 b6 22. Bd3 Rac8 23. Rd1 Qe7 24. Nd4 g6 25. Bb5 Bd6 26. Nc6 Qf6 27. Bxd6
Qxd6 28. Rxd5 Qf6 29. Rd7 Kg7 30. Rb7 Qb2+ 31. Kg3 h5 32. Qd4+ Qxd4 33. exd4
Ra8 34. Ba4 Rfc8 35. Rxb6 Kf8 36. d5 1-0

[Event "Ronne Jubilaum"]
[Site "Ronne"]
[Date "2001.06.30"]
[Round "9"]
[White "Rendboe, John Filip"]
[Black "Aaberg, Anton"]
[Result "0-1"]
[WhiteElo "2259"]
[BlackElo "2266"]
[PlyCount "102"]
[EventDate "2001.??.??"]
[EventType "swiss"]
[EventRounds "9"]
[EventCountry "DEN"]
[SourceDate "2005.12.01"]

1. d4 d5 2. c4 c6 3. Nf3 Nf6 4. Nc3 dxc4 5. a4 Bf5 6. e3 e6 7. Bxc4 Bb4 8. O-O
O-O 9. Qe2 Bg6 10. Ne5 Nbd7 11. Nxg6 hxg6 12. Rd1 Qa5 13. Bd2 e5 14. d5 Rad8
15. e4 Nc5 16. f3 cxd5 17. Bxd5 Nxd5 18. Nxd5 Bxd2 19. Qxd2 Qxd2 20. Rxd2 Nb3
21. Ne7+ Kh7 22. Rxd8 Rxd8 23. Re1 Rd2 24. Re3 Nd4 25. Kf1 Kh6 26. b4 Rb2 27.
b5 Ra2 28. Rc3 Rxa4 29. Rc7 Ra1+ 30. Kf2 Ra2+ 31. Kf1 Nxb5 32. Rxb7 Nd4 33. Nc8
a5 34. Nd6 f6 35. Nf7+ Kh5 36. Nh8 Ra1+ 37. Kf2 Ra2+ 38. Kf1 Kg5 39. Rxg7 Kf4
40. h4 Ke3 41. Kg1 Ne2+ 42. Kh1 Nf4 43. Nxg6 Rxg2 44. h5 Nxh5 45. Kxg2 Nxg7 46.
Ne7 a4 47. Nc6 Kd3 48. Nb4+ Kc3 49. Na2+ Kb2 50. Nb4 Ne6 51. Kg3 Nc5 0-1

[Event "Ronne Jubilaum"]
[Site "Ronne"]
[Date "2001.06.30"]
[Round "9"]
[White "Lindberg, Henrik"]
[Black "Poley, Vladimir"]
[Result "0-1"]
[WhiteElo "2210"]
[BlackElo "2361"]
[PlyCount "107"]
[EventDate "2001.??.??"]
[EventType "swiss"]
[EventRounds "9"]
[EventCountry "DEN"]
[SourceDate "2005.12.01"]

1. c4 g6 2. Nc3 Bg7 3. g3 e5 4. Bg2 d6 5. d3 Nc6 6. Rb1 Be6 7. Nd5 Qd7 8. Qa4
f5 9. b4 Nf6 10. b5 Nd8 11. Qc2 O-O 12. Bg5 Nh5 13. Bxd8 Raxd8 14. Nf3 h6 15.
O-O g5 16. Nd2 Rf7 17. Nb4 e4 18. dxe4 f4 19. e5 Bf5 20. Be4 Bxe5 21. Bxf5 Rxf5
22. g4 Rf7 23. gxh5 Qg4+ 24. Kh1 Qxh5 25. Nf3 Bg7 26. Qe4 g4 27. Rg1 gxf3 28.
exf3 b6 29. Nd5 Qe5 30. Rbe1 Qxe4 31. Rxe4 Kh7 32. Nxf4 Rdd7 33. Kg2 Rf5 34.
Ne6 h5 35. Rge1 Bh6 36. f4 Kg6 37. Kf3 Kf7 38. h3 a6 39. a4 axb5 40. axb5 d5
41. Rd4 Re7 42. Rxd5 Rf6 43. f5 Bg7 44. Ng5+ Ke8 45. Red1 Rd6 46. Rxd6 cxd6 47.
Rxd6 Ra7 48. f6 Ra3+ 49. Ke4 Bf8 50. f7+ Ke7 51. Re6+ Kd7 52. Re8 Rc3 53. Rxf8
Rxc4+ 54. Ke3 0-1

[Event "Ronne Jubilaum"]
[Site "Ronne"]
[Date "2001.06.30"]
[Round "9"]
[White "Henriksen, Geir I"]
[Black "Angskog, Kent"]
[Result "0-1"]
[WhiteElo "2209"]
[BlackElo "2160"]
[PlyCount "80"]
[EventDate "2001.??.??"]
[EventType "swiss"]
[EventRounds "9"]
[EventCountry "DEN"]
[SourceDate "2005.12.01"]

1. d4 g6 2. c4 Bg7 3. Nf3 d6 4. Nc3 Bg4 5. e3 Nf6 6. Be2 O-O 7. O-O c5 8. h3
Bf5 9. d5 a6 10. Ng5 h6 11. e4 Bd7 12. Nf3 b5 13. e5 dxe5 14. Nxe5 b4 15. Na4
Qa5 16. Nxd7 Nbxd7 17. a3 Ne4 18. Bd3 Nd6 19. axb4 Qxb4 20. Bd2 Qb7 21. Be3 Qc7
22. Qd2 Kh7 23. Rab1 Rab8 24. b3 Rb4 25. Bc2 a5 26. Rbc1 f5 27. Bf4 Nf6 28. Qe3
Nh5 29. Nxc5 Nxf4 30. Na6 Qb6 31. Nxb4 Qxe3 32. fxe3 Ne2+ 33. Kf2 Nxc1 34. Nc6
Ne4+ 35. Ke1 Nc5 36. Nxa5 Bc3+ 37. Kd1 Bxa5 38. Kxc1 Kg7 39. Kb2 Ra8 40. Rf4
Bc7 0-1

[Event "Ronne Jubilaum"]
[Site "Ronne"]
[Date "2001.06.30"]
[Round "9"]
[White "Lilja, Richard"]
[Black "Scholvin, Bjoern"]
[Result "1-0"]
[WhiteElo "2104"]
[BlackElo "2122"]
[PlyCount "79"]
[EventDate "2001.??.??"]
[EventType "swiss"]
[EventRounds "9"]
[EventCountry "DEN"]
[SourceDate "2005.12.01"]

1. Nc3 c5 2. e4 Nc6 3. Bb5 Nd4 4. Bc4 g6 5. f4 Bg7 6. Nf3 d6 7. O-O Rb8 8. a4
h6 9. Nxd4 cxd4 10. Ne2 e6 11. d3 Ne7 12. Qe1 d5 13. Bb5+ Bd7 14. f5 gxf5 15.
Qg3 Bf6 16. exf5 Nxf5 17. Rxf5 exf5 18. Bf4 Rc8 19. Re1 Bxb5 20. Nxd4+ Kd7 21.
Nxb5 Qb6+ 22. Be3 d4 23. Bf2 Rhe8 24. Rxe8 Rxe8 25. Qf4 Qc5 26. b4 Qe5 27. Qf3
Kc8 28. Nxa7+ Kd7 29. Qxb7+ Qc7 30. Qd5+ Ke7 31. Nc6+ Kf8 32. b5 Be5 33. Nxe5
Rxe5 34. Qxd4 Re6 35. Qc5+ Qe7 36. Qxe7+ Kxe7 37. Bc5+ Kd7 38. Kf2 Kc7 39. a5
Re5 40. d4 1-0

[Event "Ronne Jubilaum"]
[Site "Ronne"]
[Date "2001.06.30"]
[Round "9"]
[White "Hafner, Christian"]
[Black "Petersen, Tom Petri"]
[Result "1-0"]
[WhiteElo "2111"]
[BlackElo "2098"]
[PlyCount "77"]
[EventDate "2001.??.??"]
[EventType "swiss"]
[EventRounds "9"]
[EventCountry "DEN"]
[SourceDate "2005.12.01"]

1. e4 g6 2. d4 Bg7 3. Nc3 d6 4. Be3 c6 5. Qd2 Nd7 6. f3 Qc7 7. O-O-O b5 8. h4
Nb6 9. h5 Bd7 10. g4 e6 11. h6 Bf6 12. g5 Bd8 13. d5 b4 14. dxc6 Bxc6 15. Nb5
Bxb5 16. Bxb5+ Ke7 17. f4 a6 18. e5 Nd5 19. exd6+ Qxd6 20. Bc4 f6 21. Nf3 Kf7
22. Bxd5 Qxd5 23. Qxd5 exd5 24. Rxd5 Ne7 25. Rd7 Ke6 26. Rhd1 Nf5 27. Bc5 Rc8
28. Bxb4 Bc7 29. Bc3 Bxf4+ 30. Kb1 Rxc3 31. bxc3 Rb8+ 32. Ka1 fxg5 33. Rxh7 Kf6
34. Rb1 Rxb1+ 35. Kxb1 g4 36. Ra7 Bxh6 37. Rxa6+ Kg7 38. Ne5 Nh4 39. Nxg4 1-0

[Event "Ronne Jubilaum"]
[Site "Ronne"]
[Date "2001.06.30"]
[Round "9"]
[White "Eidelson, Rakhil"]
[Black "Eriksson, Magnus"]
[Result "1/2-1/2"]
[WhiteElo "2280"]
[BlackElo "2290"]
[PlyCount "82"]
[EventDate "2001.??.??"]
[EventType "swiss"]
[EventRounds "9"]
[EventCountry "DEN"]
[SourceDate "2005.12.01"]

1. e4 e6 2. d3 c5 3. Nf3 Nc6 4. g3 g6 5. Bg2 Bg7 6. O-O Nge7 7. c3 O-O 8. Re1
d5 9. e5 d4 10. c4 a6 11. h4 Nf5 12. Bf4 Bd7 13. Nbd2 Rc8 14. Ne4 h6 15. Nxc5
Nxe5 16. Nxb7 Nxf3+ 17. Bxf3 Qe7 18. Na5 e5 19. Bd2 Rfe8 20. b4 Qf6 21. Bg2 Nd6
22. Qf3 Bf5 23. g4 e4 24. dxe4 Bxe4 25. Qxf6 Bxf6 26. g5 hxg5 27. hxg5 Bd8 28.
c5 Bxg2 29. cxd6 Rxe1+ 30. Rxe1 Bh3 31. Nb7 Bb6 32. Re7 Rc2 33. Re8+ Kh7 34.
Nc5 Rxd2 35. Kh2 Rd1 36. Ne4 f5 37. Re7+ Kg8 38. Nf6+ Kf8 39. Kxh3 d3 40. Nd7+
Kg8 41. Nf6+ Kf8 1/2-1/2

[Event "Ronne Jubilaum"]
[Site "Ronne"]
[Date "2001.06.30"]
[Round "9"]
[White "Hauschild, Andreas"]
[Black "Carlsen, Magnus"]
[Result "1-0"]
[WhiteElo "2290"]
[BlackElo "2288"]
[PlyCount "93"]
[EventDate "2001.??.??"]
[EventType "swiss"]
[EventRounds "9"]
[EventCountry "DEN"]
[SourceDate "2005.12.01"]

1. d4 d5 2. c4 e6 3. Nc3 Nf6 4. Bg5 Be7 5. e3 O-O 6. Qc2 h6 7. Bh4 b6 8. Rc1
Bb7 9. Nf3 Nbd7 10. cxd5 exd5 11. Bd3 c5 12. O-O Rc8 13. Bf5 cxd4 14. exd4 Ne4
15. Bxe7 Qxe7 16. Ne5 Nxe5 17. Bxc8 Rxc8 18. Rfe1 Qg5 19. dxe5 Nxc3 20. bxc3 d4
21. f4 Qxf4 22. Qf2 Qxf2+ 23. Kxf2 dxc3 24. Re3 Bd5 25. Rexc3 Rxc3 26. Rxc3
Bxa2 27. Ra3 Be6 28. Rxa7 b5 29. Rb7 Bc4 30. Ke3 Kh7 31. h4 Kg6 32. g4 h5 33.
Rb6+ Be6 34. g5 Kf5 35. Rxb5 g6 36. Kf3 Bc4 37. Rc5 Ba2 38. e6+ Kxe6 39. Kf4
Kd6 40. Ra5 Bb3 41. Ke4 Bc2+ 42. Kd4 Ke6 43. Ra2 Bb1 44. Rb2 Bf5 45. Rb6+ Ke7
46. Ke5 Bg4 47. Rb7+ 1-0

[Event "Ronne Jubilaum"]
[Site "Ronne"]
[Date "2001.06.30"]
[Round "9"]
[White "Grahn, Lars"]
[Black "Andersen, Kaare Vissing"]
[Result "1/2-1/2"]
[WhiteElo "2100"]
[BlackElo "2312"]
[PlyCount "32"]
[EventDate "2001.??.??"]
[EventType "swiss"]
[EventRounds "9"]
[EventCountry "DEN"]
[SourceDate "2005.12.01"]

1. d4 Nf6 2. c4 e5 3. dxe5 Ng4 4. Nf3 Nc6 5. e3 Ngxe5 6. Be2 d6 7. b3 g6 8. Bb2
Bg7 9. Qd2 Nxf3+ 10. Bxf3 Ne5 11. Be2 Qg5 12. g3 Qf6 13. Bc3 Nf3+ 14. Bxf3 Qxf3
15. Qd5 Bg4 16. Qxf3 Bxf3 1/2-1/2

[Event "Ronne Jubilaum"]
[Site "Ronne"]
[Date "2001.06.30"]
[Round "9"]
[White "Baekgaard, Martin"]
[Black "Allgaier, Erik"]
[Result "1-0"]
[WhiteElo "2270"]
[BlackElo "2276"]
[PlyCount "79"]
[EventDate "2001.??.??"]
[EventType "swiss"]
[EventRounds "9"]
[EventCountry "DEN"]
[SourceDate "2005.12.01"]

1. d4 g6 2. e4 Bg7 3. c4 d6 4. Nc3 Nc6 5. Nge2 e5 6. Be3 Nf6 7. f3 O-O 8. d5
Ne7 9. Qd2 Ne8 10. g4 f5 11. gxf5 gxf5 12. O-O-O f4 13. Bf2 Bf6 14. h4 h5 15.
Ng1 Ng6 16. Bh3 Ng7 17. c5 b6 18. cxd6 cxd6 19. Kb1 Nxh4 20. Bxc8 Rxc8 21. Nb5
Ng6 22. Nxa7 Ra8 23. Nc6 Qc7 24. Ne2 Ne7 25. Rc1 Qb7 26. Rc3 Ra6 27. Rhc1 Rfa8
28. a3 Re8 29. Qd3 Kh8 30. Qb5 Raa8 31. Qxb6 Qxb6 32. Bxb6 h4 33. Bf2 Nh5 34.
Nxe7 Rxe7 35. Bxh4 Bxh4 36. Rh1 Rg8 37. Rxh4 Rh7 38. b4 Ng3 39. Rxh7+ Kxh7 40.
b5 1-0

[Event "Ronne Jubilaum"]
[Site "Ronne"]
[Date "2001.06.30"]
[Round "9"]
[White "Poulsen, Morten Kjar"]
[Black "Rorvik, Jon F"]
[Result "1-0"]
[WhiteElo "1785"]
[BlackElo "2174"]
[PlyCount "61"]
[EventDate "2001.??.??"]
[EventType "swiss"]
[EventRounds "9"]
[EventCountry "DEN"]
[SourceDate "2005.12.01"]

1. e4 e5 2. Nf3 Nc6 3. Bc4 Bc5 4. c3 Nf6 5. d4 exd4 6. cxd4 Bb4+ 7. Nc3 d5 8.
exd5 Nxd5 9. O-O Be6 10. Qc2 h6 11. Re1 O-O 12. Bxh6 Nxc3 13. Rxe6 Nd5 14. Ng5
Qxg5 15. Bxg5 Nxd4 16. Qd3 Nxe6 17. Qxd5 Nxg5 18. Qxg5 Rfd8 19. Bb3 b6 20. h4
Rd6 21. a3 Bc5 22. Re1 Rf6 23. Re2 a5 24. g3 Rd8 25. h5 Rf8 26. Kg2 Bd4 27. h6
Rxh6 28. Bxf7+ Rxf7 29. Qd5 Bc5 30. Re8+ Bf8 31. Rxf8+ 1-0

[Event "Ronne Jubilaum"]
[Site "Ronne"]
[Date "2001.06.30"]
[Round "9"]
[White "Brauer, Christian"]
[Black "Munch, Anders"]
[Result "1-0"]
[WhiteElo "2286"]
[BlackElo "1857"]
[PlyCount "107"]
[EventDate "2001.??.??"]
[EventType "swiss"]
[EventRounds "9"]
[EventCountry "DEN"]
[SourceDate "2005.12.01"]

1. d4 Nf6 2. Nc3 d5 3. Bg5 Bf5 4. e3 c6 5. f4 Nbd7 6. Nf3 Qa5 7. Qd2 h6 8. Bh4
e6 9. Nd1 Qxd2+ 10. Kxd2 Ne4+ 11. Ke1 f6 12. Bd3 Nd6 13. Nf2 g5 14. Bg3 O-O-O
15. Ke2 g4 16. Nd2 Bxd3+ 17. Nxd3 Bg7 18. Rac1 f5 19. Bh4 Rde8 20. c4 dxc4 21.
Nxc4 Nxc4 22. Rxc4 Nb6 23. Rc2 Kb8 24. b4 Nc8 25. a4 Nd6 26. Nc5 Rh7 27. Rhc1
a6 28. Nxa6+ bxa6 29. Rxc6 Bf8 30. Rxa6 Ra7 31. Rxa7 Kxa7 32. Kd3 Rc8 33. Rb1
Ne4 34. Be1 Kb6 35. b5 Rd8 36. a5+ Kb7 37. Ra1 Nc5+ 38. Kc4 Ne4 39. a6+ Ka7 40.
b6+ Ka8 41. b7+ Ka7 42. Ba5 Re8 43. Kb5 Nd6+ 44. Kc6 Nc4 45. Bc7 Ba3 46. Rb1
Nb2 47. Kd7 Rg8 48. b8=R Rxb8 49. Bxb8+ Kxb8 50. Kxe6 Ka7 51. Kxf5 Nc4 52. e4
Ne3+ 53. Kg6 Nxg2 54. f5 1-0

[Event "Ronne Jubilaum"]
[Site "Ronne"]
[Date "2001.06.30"]
[Round "9"]
[White "Tairova, Elena"]
[Black "Andersen, Rune"]
[Result "1/2-1/2"]
[WhiteElo "1800"]
[BlackElo "2298"]
[PlyCount "96"]
[EventDate "2001.??.??"]
[EventType "swiss"]
[EventRounds "9"]
[EventCountry "DEN"]
[SourceDate "2005.12.01"]

1. e4 c5 2. Nf3 Nc6 3. d4 cxd4 4. Nxd4 g6 5. Nc3 Bg7 6. Be3 Nf6 7. Be2 O-O 8.
Nb3 d6 9. O-O Bd7 10. f4 a5 11. a4 Rc8 12. Bf3 Nb4 13. Rc1 Be6 14. Qd2 Nd7 15.
Bd4 Bxd4+ 16. Nxd4 Nc5 17. f5 Bd7 18. b3 Kg7 19. g4 h6 20. f6+ exf6 21. Ndb5
Bxb5 22. Nxb5 Qe7 23. Qxd6 Qe5 24. Qxe5 fxe5 25. Nd6 Rcd8 26. Nc4 Nc6 27. Kg2
Rd4 28. Rcd1 Rfd8 29. Rxd4 Rxd4 30. Rd1 Rxd1 31. Bxd1 Nxe4 32. Bf3 f5 33. gxf5
gxf5 34. Bxe4 fxe4 35. c3 Kf6 36. Nd6 Kg5 37. Kg3 e3 38. Kf3 Kh4 39. Nf5+ Kh3
40. Nxh6 Ne7 41. Kxe3 Nd5+ 42. Ke4 Nxc3+ 43. Kxe5 b5 44. axb5 Nxb5 45. Kd5 Nc3+
46. Kc4 a4 47. Kxc3 axb3 48. Kxb3 Kxh2 1/2-1/2

[Event "Ronne Jubilaum"]
[Site "Ronne"]
[Date "2001.06.30"]
[Round "9"]
[White "Henrichsen, Jens"]
[Black "Dalrud, Endre"]
[Result "1-0"]
[WhiteElo "2051"]
[BlackElo "2145"]
[PlyCount "27"]
[EventDate "2001.??.??"]
[EventType "swiss"]
[EventRounds "9"]
[EventCountry "DEN"]
[SourceDate "2005.12.01"]

1. d4 d5 2. c4 e6 3. Nf3 c6 4. Nc3 dxc4 5. a4 Bb4 6. e3 b5 7. Bd2 a5 8. axb5
Bxc3 9. Bxc3 cxb5 10. b3 Bb7 11. d5 f6 12. bxc4 b4 13. Bxb4 exd5 14. Bc3 1-0

[Event "Ronne Jubilaum"]
[Site "Ronne"]
[Date "2001.06.30"]
[Round "9"]
[White "Taksrud, Vidar"]
[Black "Nielsen, Rasmus Lundberg"]
[Result "1-0"]
[WhiteElo "1944"]
[BlackElo "1684"]
[PlyCount "71"]
[EventDate "2001.??.??"]
[EventType "swiss"]
[EventRounds "9"]
[EventCountry "DEN"]
[SourceDate "2005.12.01"]

1. Nf3 Nf6 2. c4 g6 3. Nc3 Bg7 4. e4 d6 5. d4 O-O 6. Bg5 Nbd7 7. Qd2 c6 8. Bh6
e5 9. Bxg7 Kxg7 10. O-O-O Qa5 11. Kb1 a6 12. h4 h5 13. Nh2 b5 14. f3 Rb8 15. g4
hxg4 16. Nxg4 Nxg4 17. fxg4 Nf6 18. g5 Nh5 19. dxe5 b4 20. Ne2 dxe5 21. Bh3
Bxh3 22. Rxh3 Qc5 23. Qd6 Qxc4 24. Qxe5+ Kg8 25. Rhd3 Rfe8 26. Qd4 Qb5 27. Rc1
Rbc8 28. Rc5 Qb6 29. Qc4 Ng7 30. Nf4 Ne6 31. Nxe6 Rxe6 32. e5 Rce8 33. Rf3 R8e7
34. Rf6 Rxe5 35. Rxe5 Qg1+ 36. Rf1 1-0

[Event "Ronne Jubilaum"]
[Site "Ronne"]
[Date "2001.06.30"]
[Round "9"]
[White "Schmidt, Horst Hubert"]
[Black "Holstein Ratlau, Claus Hoeg"]
[Result "1-0"]
[WhiteElo "2006"]
[BlackElo "1827"]
[PlyCount "122"]
[EventDate "2001.??.??"]
[EventType "swiss"]
[EventRounds "9"]
[EventCountry "DEN"]
[SourceDate "2005.12.01"]

1. d4 Nf6 2. Nf3 g6 3. c4 Bg7 4. Nc3 d6 5. e3 O-O 6. Bd3 Nbd7 7. O-O c6 8. Bd2
e5 9. Bc2 a5 10. h3 Re8 11. Qb1 Qc7 12. Ng5 Nf8 13. dxe5 dxe5 14. f4 h6 15.
fxe5 Qxe5 16. Nf3 Qh5 17. Ne2 Qc5 18. Ng3 Qxc4 19. Bb3 Qc5 20. Qd3 Be6 21. Nd4
Bxb3 22. Qxb3 Qe5 23. Rf3 Re7 24. Bc3 Qd6 25. Ngf5 a4 26. Nxe7+ Qxe7 27. Qc4
N8d7 28. Nc2 Nb6 29. Qf1 Nbd5 30. Bxf6 Bxf6 31. Rb1 Rf8 32. Qc4 Nb6 33. Qf4 Bg5
34. Qd4 Qc7 35. h4 Bd8 36. e4 Qe7 37. g3 h5 38. Kg2 Qe6 39. b3 axb3 40. Rbxb3
Nd7 41. Rxb7 Ne5 42. Rfb3 Bf6 43. Rb8 Rxb8 44. Rxb8+ Kg7 45. Qb4 Qxa2 46. Qc3
Qa6 47. Nd4 c5 48. Nb5 c4 49. Qa3 Qc6 50. Qf8+ Kh7 51. Nd6 Qa4 52. Nxf7 Nxf7
53. Qxf7+ Bg7 54. Rb7 Qc2+ 55. Kh3 Qc3 56. Rc7 Qa1 57. Qf3 Qe5 58. Qf4 Qa1 59.
Kg2 Qb2+ 60. Qf2 Qe5 61. Rxc4 Qe6 1-0

[Event "Ronne Jubilaum"]
[Site "Ronne"]
[Date "2001.06.30"]
[Round "9"]
[White "Hornsgaard, Jens Boe"]
[Black "Svanholm, Borge"]
[Result "1-0"]
[WhiteElo "1902"]
[BlackElo "1712"]
[PlyCount "71"]
[EventDate "2001.??.??"]
[EventType "swiss"]
[EventRounds "9"]
[EventCountry "DEN"]
[SourceDate "2005.12.01"]

1. e4 c5 2. c3 Nf6 3. e5 Nd5 4. d4 cxd4 5. cxd4 Nc6 6. Nf3 e6 7. Bc4 Bb4+ 8.
Bd2 Qa5 9. O-O Nb6 10. Bd3 Nd5 11. Na3 Nb6 12. Nb5 Ke7 13. Be3 Kf8 14. a3 Be7
15. Nc7 Nd5 16. Nxa8 b5 17. b4 Qa6 18. a4 Qb7 19. axb5 Ncxb4 20. b6 Qxa8 21.
bxa7 Nc6 22. Qa4 f6 23. Ba6 Kf7 24. Bc4 Nb6 25. Qb3 Nxc4 26. Qxc4 Bb7 27. Qa2
Nb4 28. Qe2 Rc8 29. Rfc1 Bc6 30. Rcb1 Rc7 31. Bd2 Rxa7 32. Rxa7 Qxa7 33. Bxb4
Bxb4 34. Rxb4 Bxf3 35. gxf3 Qa1+ 36. Kg2 1-0

[Event "Ronne Jubilaum"]
[Site "Ronne"]
[Date "2001.06.30"]
[Round "9"]
[White "Hansen, Jacob "]
[Black "Blum, Thomas"]
[Result "1-0"]
[WhiteElo "1878"]
[BlackElo "2117"]
[PlyCount "130"]
[EventDate "2001.??.??"]
[EventType "swiss"]
[EventRounds "9"]
[EventCountry "DEN"]
[SourceDate "2005.12.01"]

1. e4 c6 2. d4 d5 3. exd5 cxd5 4. Bd3 Nc6 5. c3 Nf6 6. Ne2 e6 7. Nd2 a6 8. Nf3
h6 9. a4 Bd6 10. Bf4 O-O 11. O-O Qc7 12. Bxd6 Qxd6 13. Ng3 Bd7 14. Re1 Rac8 15.
Ne5 Ne8 16. Qe2 Nxe5 17. dxe5 Qc5 18. Qd2 b5 19. Re3 Nc7 20. Ne2 bxa4 21. Rg3
Kh8 22. Rh3 f5 23. Nf4 Kg8 24. Bc2 a3 25. Rxa3 Qb6 26. Bd1 Rb8 27. Ra2 Bb5 28.
b3 Rfd8 29. Rg3 Be8 30. Nh5 Bxh5 31. Qxh6 Bg4 32. Qg6 Rd7 33. Bc2 Be2 34. Ra4
d4 35. Rh3 Qb7 36. Rb4 Qc8 37. Bxf5 exf5 38. Rxb8 Qxb8 39. e6 Nxe6 40. Qxe6+
Rf7 41. Qxe2 Qxb3 42. cxd4 Qb6 43. Qe8+ Rf8 44. Rh8+ Kxh8 45. Qxf8+ Kh7 46.
Qxf5+ Kg8 47. d5 a5 48. g4 a4 49. Qc8+ Kh7 50. Qc2+ Kh6 51. Qxa4 Qb1+ 52. Kg2
Qd3 53. Qf4+ Kg6 54. Qf5+ Qxf5 55. gxf5+ Kxf5 56. Kg3 Ke5 57. Kg4 Kxd5 58. Kf5
Kd4 59. Kg6 Ke4 60. Kxg7 Kf5 61. Kf7 Kg4 62. Kg6 Kf4 63. Kf6 Kg4 64. Ke5 Kf3
65. Kf5 Kxf2 1-0